000 00715nam a2200217Ia 4500
003 GCL
008 140319s9999 xx 000 0 ara d
040 _aGCL /
_cGCL
082 0 4 _a398.9
_bا م
100 1 _aابراهيم احمد شعلان
245 1 0 _aموسوعة الامثال الشعبية المصرية /
_cابراهيم احمد شعلان
260 _a[S.N] :
_bدار المعارف ،
_c1992
300 _a322 ص
490 _aمكتبة الدراسات الادبية
_v0
650 0 4 _aمصر
650 0 4 _aالامثال العربية
650 0 4 _aالادب الشعبى
650 0 4 _aالامثال العامية
650 0 4 _aالفولكلور المصرى
942 _2ddc
_cBK
999 _c59001
_d59001